000 02364cam a22005534i 4500
003 PE-LiUPU
005 20250731184609.0
008 150616s r 000 0 d
020 _a0943872154
035 _a(Sirsi) i9780943872155
040 _aPE-LiUPU
_bspa
_cPE-LiUPU
_erda
049 _aPRUA
082 0 4 _a915.695
_bM53
_221
245 0 0 _aEnvironmental foundations :
_bstudies of climatical, geological, hydrological, and phytological conditions in Hesban and vicinity /
_ccolaboradores, Patricia Crawford [y otros]; editores del volumen, Øystein LaBianca Sakala, Larry Lacelle.
264 1 _aBerrien Springs, Michigan :
_bAndrews University Press,
_c1986.
300 _a174 páginas :
_bilustraciones ;
_c29 centímetros
336 _atext
_2rdacontent
337 _aunmediated
_2rdamedia
338 _avolume
_2rdacarrier
505 0 _aClimate of Tell Hesban and vicinity.- Bedrock, Surficial geology, and soils.- Surface and Groundwater resources of Tell Hesban and area, Jordan.- Flora of Tell Hesban and Area, Jordan.- Etc..
526 _aP136
526 _aP135
526 _aP134
526 _aP133
526 _aP144
526 _aP143
526 _aP87
526 _aP35
526 _aP20
526 _aP14
526 _aP10
526 _aP06
650 0 4 _aExcavaciones (Arqueología)
_zJordania.
651 _aHesbón (Ciudad Extinta)
651 _aJordan
_xAntigüedades.
700 1 _aCrawford, Patricia,
_d1943-
700 1 _aLaBianca, Øystein Sakala
700 1 _aLacelle, Larry.
910 _ajck
_bjvq
_cjck
942 _2ddc
_cBOOK
949 _a915.695 M53
_wDEWEY
_c1
_i42606
_lCCODEBUL1
_mBUL
_r0
_sY
_tBOOK
_u2015-6-16
_xTEOLOGIA
_zUNKNOWN
_0COMPRA
_o.STAFF. Colección General
949 _a915.695 M53
_wDEWEY
_c2
_i43089
_lCCODEBUL1
_mBUL
_r0
_sY
_tBOOK
_u2015-6-16
_xTEOLOGIA
_zUNKNOWN
_0COMPRA
_o.STAFF. Colección General
994 _aC0
_bPEPRU
596 _a1
999 _a915.695 M53
_wDEWEY
_c61063
_i42606
_f2021-11-11
_g5
_lCCODEBUL1
_mBUL
_r0
_sY
_tBOOK
_u2015-6-16
_xTEOLOGIA
_zUNKNOWN
_0COMPRA
_o.STAFF. Colección General
_d61063
999 _a915.695 M53
_wDEWEY
_c2
_i43089
_f2021-11-11
_g5
_lCCODEBUL1
_mBUL
_r0
_sY
_tBOOK
_u2015-6-16
_xTEOLOGIA
_zUNKNOWN
_0COMPRA
_o.STAFF. Colección General
980 _81
_gALBERTO SANCHEZ Responsable de Automatización